000 00551nam a2200169 4500
001 137968
003 ES-MaACL
005 20250929063205.0
007 t|
008 070214s1924 sp r ||||1| spa d
100 1 _aSánchez de Fuentes, Fernando,
_d1871-1935
_9102578
245 1 3 _aLa legislación obrera internacional, principalmente desde el punto de vista americano /
_cFernando Sánchez de Fuentes.
260 _aMadrid :
_bReus,
_c32 p.
300 _a25 x 16 cm.
852 _aES-MaACL
_j1672-F-14
_bR.4377
999 _c137968
_d137968